Maat Kuvittain #6 - Statistics

Yleistilastot
  • Tätä visaa on pelattu 51 kertaa
  • Keskiarvotulos 7 / 14
Vastaustilastot
Kuvavisa Vastaus % Oikein
Pohjois-Korea / Etelä-Korea
88%
Italia
76%
Kiina
68%
Yhdistynyt Kuningaskunta
65%
Etelä-Afrikka
62%
Israel / Palestiina / Jordania
59%
Irak
56%
Tansania
56%
Afganistan
53%
Itävalta
47%
Nicaragua
32%
Venäjä
32%
Espanja
26%
Namibia
12%
Ehtoja vastaavia visoja ei löytynyt
Tulosjakauma
Jokaisen tuloksen saaneiden osuus
Persentiili vastausten määrän mukaan
Tuloshistoriasi
Et ole pelannut tätä visaa